<?xml version="1.0" encoding="UTF-8"?>
<record
    xmlns:xsi="http://www.w3.org/2001/XMLSchema-instance"
    xsi:schemaLocation="http://www.loc.gov/MARC21/slim http://www.loc.gov/standards/marcxml/schema/MARC21slim.xsd"
    xmlns="http://www.loc.gov/MARC21/slim">

  <leader>00798nam a22001337a 4500</leader>
  <datafield tag="040" ind1=" " ind2=" ">
    <subfield code="c">RUA</subfield>
  </datafield>
  <datafield tag="082" ind1=" " ind2=" ">
    <subfield code="a">AED LY 2018 B657 Or.1</subfield>
  </datafield>
  <datafield tag="100" ind1=" " ind2=" ">
    <subfield code="a">LY MENGHEANG &#x179B;&#x17B8; &#x1798;&#x17C9;&#x17C1;&#x1784;&#x17A0;&#x17CA;&#x17B6;&#x1784;</subfield>
  </datafield>
  <datafield tag="245" ind1=" " ind2=" ">
    <subfield code="a">the study on farmer's percenptions of wildlife friendly ibis rice production in northern plains landscape protected area of preah vihea province &#x1780;&#x17B6;&#x179A;&#x179F;&#x17B7;&#x1780;&#x17D2;&#x179F;&#x17B6;&#x179A;&#x17A2;&#x17C6;&#x1796;&#x17B8;&#x1780;&#x17B6;&#x179A;&#x1799;&#x179B;&#x17CB;&#x1783;&#x17BE;&#x1789;&#x179A;&#x1794;&#x179F;&#x17CB;&#x1794;&#x17D2;&#x179A;&#x1787;&#x17B6;&#x1780;&#x179F;&#x17B7;&#x1780;&#x179A;&#x1793;&#x17C5;&#x179B;&#x17BE;&#x1795;&#x179B;&#x17B7;&#x178F;&#x1795;&#x1780;&#x1798;&#x17D2;&#x1798;&#x179F;&#x17D2;&#x179A;&#x17BC;&#x179C;&#x1798;&#x17B7;&#x178F;&#x17D2;&#x178F;&#x179F;&#x178F;&#x17D2;&#x179C;&#x1796;&#x17D2;&#x179A;&#x17C3; &#x1793;&#x17C5;&#x178F;&#x17C6;&#x1794;&#x1793;&#x17CB;&#x1780;&#x17B6;&#x179A;&#x1796;&#x17B6;&#x179A;&#x1791;&#x17C1;&#x179F;&#x1797;&#x17B6;&#x1796;&#x1797;&#x17B6;&#x1782;&#x1781;&#x17B6;&#x1784;&#x1787;&#x17BE;&#x1784;&#x1793;&#x17C3;&#x1781;&#x17C1;&#x178F;&#x17D2;&#x178F;&#x1796;&#x17D2;&#x179A;&#x17C4;&#x17C7;&#x179C;&#x17B7;&#x17A0;&#x17B6;&#x179A;</subfield>
  </datafield>
  <datafield tag="260" ind1=" " ind2=" ">
    <subfield code="a">RUA</subfield>
    <subfield code="b">Phnom penh</subfield>
    <subfield code="c">2018</subfield>
  </datafield>
  <datafield tag="300" ind1=" " ind2=" ">
    <subfield code="a">x;55p</subfield>
    <subfield code="b">ill;</subfield>
    <subfield code="c">29cm</subfield>
  </datafield>
  <datafield tag="856" ind1=" " ind2=" ">
    <subfield code="u"> LY MENGHEANG</subfield>
  </datafield>
  <datafield tag="942" ind1=" " ind2=" ">
    <subfield code="c">AED</subfield>
  </datafield>
  <datafield tag="999" ind1=" " ind2=" ">
    <subfield code="c">18747</subfield>
    <subfield code="d">18747</subfield>
  </datafield>
  <datafield tag="952" ind1=" " ind2=" ">
    <subfield code="0">0</subfield>
    <subfield code="1">0</subfield>
    <subfield code="2">ddc</subfield>
    <subfield code="4">0</subfield>
    <subfield code="6">AED_LY_2018_000000000000000_B657_OR_1</subfield>
    <subfield code="7">0</subfield>
    <subfield code="9">83213</subfield>
    <subfield code="a">LBB</subfield>
    <subfield code="b">LBB</subfield>
    <subfield code="c">B657</subfield>
    <subfield code="d">2020-01-20</subfield>
    <subfield code="l">1</subfield>
    <subfield code="o">AED LY 2018 B657 Or.1</subfield>
    <subfield code="p">A44121</subfield>
    <subfield code="r">2020-08-03</subfield>
    <subfield code="s">2020-03-06</subfield>
    <subfield code="w">2020-01-20</subfield>
    <subfield code="y">AED</subfield>
  </datafield>
  <datafield tag="952" ind1=" " ind2=" ">
    <subfield code="0">0</subfield>
    <subfield code="1">0</subfield>
    <subfield code="2">ddc</subfield>
    <subfield code="4">0</subfield>
    <subfield code="6">AED_LY_2018_000000000000000_B657_OR_2</subfield>
    <subfield code="7">0</subfield>
    <subfield code="9">83214</subfield>
    <subfield code="a">LBB</subfield>
    <subfield code="b">LBB</subfield>
    <subfield code="c">B657</subfield>
    <subfield code="d">2020-01-20</subfield>
    <subfield code="o">AED LY 2018 B657 Or.2</subfield>
    <subfield code="p">A42641</subfield>
    <subfield code="r">2020-01-20</subfield>
    <subfield code="w">2020-01-20</subfield>
    <subfield code="y">AED</subfield>
  </datafield>
  <datafield tag="952" ind1=" " ind2=" ">
    <subfield code="0">0</subfield>
    <subfield code="1">0</subfield>
    <subfield code="2">ddc</subfield>
    <subfield code="4">0</subfield>
    <subfield code="6">AED_LY_2018_000000000000000_B657_OR_3</subfield>
    <subfield code="7">0</subfield>
    <subfield code="9">83215</subfield>
    <subfield code="a">LBB</subfield>
    <subfield code="b">LBB</subfield>
    <subfield code="c">B657</subfield>
    <subfield code="d">2020-01-20</subfield>
    <subfield code="o">AED LY 2018 B657 Or.3</subfield>
    <subfield code="p">A42566</subfield>
    <subfield code="r">2020-01-20</subfield>
    <subfield code="w">2020-01-20</subfield>
    <subfield code="y">AED</subfield>
  </datafield>
  <datafield tag="952" ind1=" " ind2=" ">
    <subfield code="0">0</subfield>
    <subfield code="1">0</subfield>
    <subfield code="2">ddc</subfield>
    <subfield code="4">0</subfield>
    <subfield code="6">AED_LY_2018_000000000000000_B657_OR_4</subfield>
    <subfield code="7">0</subfield>
    <subfield code="9">83216</subfield>
    <subfield code="a">LBB</subfield>
    <subfield code="b">LBB</subfield>
    <subfield code="c">B657</subfield>
    <subfield code="d">2020-01-20</subfield>
    <subfield code="o">AED LY 2018 B657 Or.4</subfield>
    <subfield code="p">A42270</subfield>
    <subfield code="r">2020-01-20</subfield>
    <subfield code="w">2020-01-20</subfield>
    <subfield code="y">AED</subfield>
  </datafield>
  <datafield tag="952" ind1=" " ind2=" ">
    <subfield code="0">0</subfield>
    <subfield code="1">0</subfield>
    <subfield code="2">ddc</subfield>
    <subfield code="4">0</subfield>
    <subfield code="6">AED_LY_2018_000000000000000_B657_OR_5</subfield>
    <subfield code="7">0</subfield>
    <subfield code="9">83217</subfield>
    <subfield code="a">LBB</subfield>
    <subfield code="b">LBB</subfield>
    <subfield code="c">B657</subfield>
    <subfield code="d">2020-01-20</subfield>
    <subfield code="o">AED LY 2018 B657 Or.5</subfield>
    <subfield code="p">A42706</subfield>
    <subfield code="r">2020-01-20</subfield>
    <subfield code="w">2020-01-20</subfield>
    <subfield code="y">AED</subfield>
  </datafield>
  <datafield tag="952" ind1=" " ind2=" ">
    <subfield code="0">0</subfield>
    <subfield code="1">0</subfield>
    <subfield code="2">ddc</subfield>
    <subfield code="4">0</subfield>
    <subfield code="6">AED_LY_2018_000000000000000_B657_OR_6</subfield>
    <subfield code="7">0</subfield>
    <subfield code="9">83218</subfield>
    <subfield code="a">LBB</subfield>
    <subfield code="b">LBB</subfield>
    <subfield code="c">B657</subfield>
    <subfield code="d">2020-01-20</subfield>
    <subfield code="o">AED LY 2018 B657 Or.6</subfield>
    <subfield code="p">A42277</subfield>
    <subfield code="r">2020-01-20</subfield>
    <subfield code="w">2020-01-20</subfield>
    <subfield code="y">AED</subfield>
  </datafield>
</record>
